00438nam a22001577a 450000500170000001000130001702000220003003500130005203700230006508200100008810000220009824500440012026000400016427000560020430000200026020180710151621.0 aB-085634 a8172743580c90.00 aB-085634 bNabhi Publications a382.5 aJain, Nabhi Kumar aHow to Import 2000-01cNabhi Kumar Jain aNew DelhibNabhi Publicationsc2000 aP.O. Box No. 37 New Delhi-110001bNew Delhie110001 a104p.c22cm(pb)